000 00529nam a22001937a 4500
005 20251108164917.0
008 250721s1987 xx 000 0 ara d
082 1 4 _a649.1/أسر
245 1 0 _aأسرار الطفولة /
264 1 _aالرياض :
_bدار المريخ للنشر،
_c1987.
300 _a39ص : مص
490 0 _aدليلك سيدتي
650 1 7 _aالأطفال
650 1 7 _aالصحة
650 1 7 _aصحة الطفل
650 1 7 _aرعاية الطفولة
942 _2ddc
_cBK
999 _c17249
_d17249